| 000 | 00674nam a22001817a 4500 | ||
|---|---|---|---|
| 005 | 20240703163754.0 | ||
| 010 | _aENG-140742 | ||
| 020 |
_c2495.00 _a9788195577552 |
||
| 035 | _aEN-124274 | ||
| 037 | _bDBAD | ||
| 082 | _a615.19 | ||
| 100 |
_aDey, Ashish _968076 |
||
| 245 |
_aHandbook on Active Pharmaceutical Ingredients (API), Drugs & Pharmaceutical Products/ _cAshish Dey |
||
| 260 |
_aDelhi _bNiir Project Consultancy Services _c2019 |
||
| 270 |
_bDelhi _a106-E, Opp. Spark Mall, Kamla Nagar _e110007 _k01123842955 _k01123845886 _k08800733955 _mnpcs.india@gmail.com _minfo@niir.org |
||
| 300 |
_axxii, 530p. _c21cm (pb) |
||
| 942 |
_2ddc _cEN _h615.19 _mDEY |
||
| 999 |
_c203923 _d203923 |
||